Statistics for Most Common Car Makes

Click here to take the quiz!

General Stats

  • This quiz has been taken 92 times
  • The average score is 7 of 12

Answer Stats

%Make% Correct
8Ford
93%
26Toyota
89%
17Honda
81%
4Mercedes
68%
4Nissan
67%
4Volkswagen
65%
6Chevrolet
63%
3Audi
57%
3Mazda
51%
6Subaru
38%
3Jeep
30%
3Lexus
20%

Score Distribution

Percentile by Number Answered

Percent of People with Each Score

Your Score History

You have not taken this quiz